| 000 | 00438nam a2200181Ia 4500 | ||
|---|---|---|---|
| 001 | 24063 | ||
| 005 | 20260414151018.0 | ||
| 008 | 260414t1948||||xx |||||||||||||| ||spa|| | ||
| 041 | _aESP | ||
| 082 |
_a759.44 _bR77 |
||
| 100 |
_aRoger-Marx, Claude _eAUT |
||
| 245 | 0 |
_aLes lithographies de Toulouse-Lautree _b |
|
| 260 | _c1948 | ||
| 300 |
_a8h 24 páginas : _c18 cm. |
||
| 650 | _aABD | ||
| 654 | _aCAU | ||
| 942 |
_cLIB _dJUS _fJUS _2ddc _n |
||
| 999 |
_c24063 _d24063 |
||